000 00348 a2200169 4500
001 182716
020 _a85-00-11261-1
040 _cMagnum
100 _aVicente, Gil
240 1 0 _aTrês autos
_lpor
245 1 0 _aTrês autos
300 _a189
362 0 _a2004
440 1 _aEdiouro
697 _aLITERATURA GERAL ESTRANGEIRA
942 _cBK
999 _c182716
_d182716